Applied Probability Models (Record no. 1247)

MARC details
000 -LEADER
fixed length control field 00403nam a22001697a 4500
005 - DATE AND TIME OF LATEST TRANSACTION
control field 20180518122259.0
008 - FIXED-LENGTH DATA ELEMENTS--GENERAL INFORMATION
fixed length control field 160521b xxu||||| |||| 00| 0 eng d
020 ## - INTERNATIONAL STANDARD BOOK NUMBER
ISBN 0-534-3857-X
041 ## - LANGUAGE CODE
Language code of text/sound track or separate title eng
082 ## - DEWEY DECIMAL CLASSIFICATION NUMBER
Item number 3648
Classification number 519.2
100 ## - MAIN ENTRY--AUTHOR NAME
Personal name D.L. Minh
245 ## - TITLE STATEMENT
Title Applied Probability Models
260 ## - PUBLICATION, DISTRIBUTION, ETC. (IMPRINT)
Name of publisher Thomson asia (p) Ltd
300 ## - PHYSICAL DESCRIPTION
Number of Pages 323
650 ## - SUBJECT ADDED ENTRY--TOPICAL TERM
Topical Term DIPLOMA ENGINEERING
942 ## - ADDED ENTRY ELEMENTS (KOHA)
Koha item type Books
Holdings
Lost status Damaged status Collection code Home library Current library Shelving location Date acquired Full call number Accession Number Koha item type
    MANAGEMENT JRU Library JRU Library SHELF-75-G 21/05/2016 519.2 3648 Books
    Reference JRU Library   SHELF-28-F 21/05/2016 519.2 3649 Books
    MANAGEMENT JRU Library JRU Library SHELF-75-G 21/05/2016 519.2 3650 Books